书目信息 |
| 题名: |
比较组织学彩色图谱
|
|
| 作者: | 周光兴 著 | |
| 分册: | ||
| 出版信息: | 上海 复旦大学出版社 2002.07 |
|
| 页数: | 235页, [1] 叶图版 | |
| 开本: | 26cm | |
| 丛书名: | ||
| 单 册: | ||
| 中图分类: | Q954.6-64 | |
| 科图分类: | ||
| 主题词: | 动物学--dong wu xue--组织学 (生物)--图谱 , 动物学--dong wu xue--比较组织学--图谱 | |
| 电子资源: | ||
| ISBN: | 7-309-03061-3 | |
| 000 | 00865nam0 2200229 450 | |
| 001 | 012006456203 | |
| 005 | 20061220105749.64 | |
| 010 | @a7-309-03061-3@b精装@dCNY78.00 | |
| 100 | @a20061129d2002 km y0chiy0120 ea | |
| 101 | 0 | @achi |
| 102 | @aCN@b310000 | |
| 105 | @aafh z 000yy | |
| 200 | 1 | @a比较组织学彩色图谱@Abi jiao zu zhi xue cai se tu pu@f周光兴著@Fzhou guang xing zhu |
| 210 | @a上海@c复旦大学出版社@d2002.07 | |
| 215 | @a235页, [1] 叶图版@c彩图, 摹真@d26cm | |
| 330 | @a本书主要对常用实验动物(狗、兔、大鼠和小鼠)的各种组织器官进行比较组织学描述并拍摄彩色图片。此外还将实验动物与人之间相同组织器官进行了比较描述。 | |
| 606 | 0 | @a动物学@Adong wu xue@x组织学 (生物)@j图谱 |
| 606 | 0 | @a动物学@Adong wu xue@x比较组织学@j图谱 |
| 690 | @aQ954.6-64@v4 | |
| 701 | 0 | @a周光兴@Azhou guang xing@4著 |
| 801 | 0 | @aCN@c20061220 |
| 905 | @a10447@dQ954.6-64@eZ767 | |
| 比较组织学彩色图谱/周光兴著.-上海:复旦大学出版社,2002.07 |
| 235页, [1] 叶图版:彩图, 摹真;26cm |
| ISBN 7-309-03061-3(精装):CNY78.00 |
| 本书主要对常用实验动物(狗、兔、大鼠和小鼠)的各种组织器官进行比较组织学描述并拍摄彩色图片。此外还将实验动物与人之间相同组织器官进行了比较描述。 |
| ● |
| 相关链接 |
|
|
|
正题名:比较组织学彩色图谱
索取号:Q954.6-64/Z767
 
预约/预借
| 序号 | 登录号 | 条形码 | 馆藏地/架位号 | 状态 | 备注 |
| 1 | 229261 | 202292615 | 自科库401/401自科库 37排1列3层/ [索取号:Q954.6-64/Z767] | 在馆 | |
| 2 | 229262 | 202292624 | 自科库401/401自科库 37排1列3层/ [索取号:Q954.6-64/Z767] | 在馆 | |
| 3 | 229263 | 202292633 | 自科库401/401自科库 37排1列3层/ [索取号:Q954.6-64/Z767] | 在馆 |